000 00925nam a2200217Ii 4500
003 JO-AjNU
008 230605s9999||||xx |||||||||||||| ||und||
040 _aJO-AjNU
_bara
_erda
_cJO-AjNU
041 _aara
050 1 4 _aHQ25.A7. H3 1983
100 3 _aحطب، زهير ,
_eauthor
_914293
245 0 0 _a تطور بنى الأسرة العربية والجذور التاريخية والاجتماعية لقضاياها المعاصرة 
250 _aط3
264 3 1 _aبيروت: معهد الانماء العربي، 1983
300 _a248ص
_bيحتوي ببلوغرافية من ص 237-248ص
336 _atext
_btxt
_2rdacontent
337 _aunmediated
_bn
_2rdamedia
338 _avolume
_bnc
_2rdacarrier
490 0 _aالدراسات الانسانية علم الاجتماع
650 4 _aالاسرة - جوانب اجتماعية - البناء الاجتماعي - البلاد العربية
_914294
999 _aA3777
_c7345
_d7345